Responses for show #1654 - Thursday, November 7, 1991

1991 Tournament of Champions quarterfinal game 4.

Contestants

Scott Gillispie, a graduate student and College Tournament winner from Atlanta, Georgia

Sara Cox, a second grade teacher from Bangor, Maine

Tom Halpern, a researcher and writer from New York City, New York

Jeopardy! Round responses

BODIES OF WATER
NEWS 1991
FILM BIOGRAPHIES
FICTIONAL CHARACTERS
NAME BRANDS
FOREIGN WORDS & PHRASES
    $100 25
Atlantic

Sara
    $100 18
John Sununu

Scott
    $100 16
Harry Houdini

Scott
    $100 10
Hedda Gabler

Tom
    $100 1
Goodyear

Tom
    $100 4
L'chaim

Tom
    $200 26
Puget Sound

Sara
    $200 22
Space

Scott
    $200 17
Stephen Foster

Tom
    $200 11
Ivan Denisovich

Scott
    $200 2
Hallmark

Scott
    $200 5
the Croix de Guerre

Scott
    $300 27
Strait of Hormuz

Scott
    $300 23
Berlin Wall

Tom
    $300 19
Wernher von Braun

Scott
    $300 12
"Lady Chatterley's Lover"

Triple Stumper
    $300 3
Craftsman

Sara
    $300 6
Cordon bleu

Triple Stumper
    $400 28
Lake Geneva

Tom
    $400 24
Norman Schwarzkopf

Tom
    $400 20
Somerset Maugham

Scott
    $400 13
"Fahrenheit 451"

Scott
    $400 7
Gallo

Sara
    $400 8
Ethiopia

Scott
    $500 29
Tasman Sea

Scott
    $500 30
Harry Reasoner

Scott
    $500 21
Benjamin Disraeli

Scott
    $500 14
Marie Roget

Scott
    $800 9
Dow

Scott
    $500 15
Speak the truth

Scott

Scores at the first commercial break (after clue 14):

Tom Sara Scott
$300 $700 $2,700

Scores at the end of the Jeopardy! Round:

Tom Sara Scott
$1,600 $1,000 $6,100

Double Jeopardy! Round responses

OHIO
MILITARY LEADERS
MUSIC
UNDER THE MICROSCOPE
HENRY VIII'S WIVES
POETS
    $200 11
Tomato juice

Tom
    $200 16
George Custer

Sara
    $200 17
Overture

Sara
    $200 26
(Sara: What are viruses?)

Bacteria

SaraScott
    $200 1
Anne Boleyn

Sara
    $200 3
Elizabeth Barrett Browning

Sara
    $400 12
Deer

Scott
    $400 19
George S. Patton

Scott
    $400 18
Bow

Scott
    $400 27
Divides

Tom
    $400 2
Catherine of Aragon

Scott
    $400 7
Rudyard Kipling

Sara
    $600 13
(T: Who is Metzenbaum?)

John Glenn

TomSara
    $600 20
Henry H. Arnold

Scott
    $600 23
(Sara: What is legato?)

Largo

TomSara
    $600 28
Virus

Scott
    $600 4
(Alex: Jack Paar was the one who said "I kid you not!")

Catherine Parr

Sara
    $600 8
Robert Frost

Sara
    $800 14
Rutherford B. Hayes

Sara
    $800 21
(T: Who is Petain?)

Ferdinand Foch

TomSara
    $800 24
Double bar lines

Sara
    $800 29
Anton van Leeuwenhoek

Scott
    $800 5
Jane Seymour

Sara
    $800 9
Henry Wadsworth Longfellow

Sara
    $1000 15
Dayton

Scott
    $1000 22
Scipio

Scott
    $1000 25
Interval

Tom
    $1000 30
(T: What is a foot?)
(Alex: Be more specific...)

Pseudopod (the false pod, false foot)

TomScott
    $2,000 6
Anne of Cleves

Sara
    $2,000 10
(Sara: Who is Phyllis Wheatley?)

Gwendolyn Brooks

Sara

Scores at the end of the Double Jeopardy! Round:

Tom Sara Scott
$1,400 $7,200 $12,900

Final Jeopardy! Round responses

THE BIBLE
(Alex: [*], arithmoi, arithmetic.)
TomWhat is Numbers?
$1,400
SaraWhat is Numbers?
$2,000
ScottWhat is Numbers?
$1,600
Numbers

Final scores:

Tom Sara Scott
$2,800 $9,200 $14,500
3rd place: $1,000 if eliminated + Jeopardy! 25th Anniversary home game or computer version 2nd place: $1,000 if eliminated + Jeopardy! 25th Anniversary home game or computer version Automatic semifinalist

Game dynamics:

Coryat scores:

Tom Sara Scott
$1,400 $8,200 $12,600
11 R,
3 W
18 R
(including 1 DD),
3 W
(including 1 DD)
28 R
(including 1 DD),
0 W

Combined Coryat: $22,200

The J! Archive is created by fans, for fans. The Jeopardy! game show and all elements thereof, including but not limited to copyright and trademark thereto, are the property of Jeopardy Productions, Inc. and are protected under law. This website is not affiliated with, sponsored by, or operated by Jeopardy Productions, Inc. Join the discussion at JBoard.tv.